Prózazsilipek intratextualitás Mészöly Miklós prózájában /

Elmentve itt :
Bibliográfiai részletek
Szerző: Urbanik Tímea
Dokumentumtípus: Könyv
Megjelent: Juhász Gyula Felsőoktatási Kiadó Szeged 2022
Kulcsszavak:Mészöly Miklós, Magyar irodalom - 20. sz. - forrás, Magyar irodalom - 20. sz. - életmű - életrajz
Tárgyszavak:
doi:10.14232/jgyk.ut.2022

Online Access:http://acta.bibl.u-szeged.hu/77313
LEADER 00854nam a2200205 i 4500
001 acta77313
005 20240530095747.0
008 221111s2022 hu o 000 hun d
020 |a 978-615-5946-68-4 
024 7 |a 10.14232/jgyk.ut.2022  |2 doi 
040 |a SZTE Egyetemi Kiadványok Repozitórium  |b hun 
041 |a hun 
100 1 |a Urbanik Tímea 
245 1 0 |a Prózazsilipek   |h [elektronikus dokumentum] :  |b intratextualitás Mészöly Miklós prózájában /  |c  Urbanik Tímea 
260 |a Juhász Gyula Felsőoktatási Kiadó  |b Szeged  |c 2022 
300 |a 273  |c 24 cm 
650 4 |a Bölcsészettudományok 
650 4 |a Nyelvek és irodalom 
695 |a Mészöly Miklós, Magyar irodalom - 20. sz. - forrás, Magyar irodalom - 20. sz. - életmű - életrajz 
856 4 0 |u http://acta.bibl.u-szeged.hu/77313/1/urbanik_timea_prozazsilipek_2022.pdf  |z Dokumentum-elérés